000 00794nam a2200241 a 4500
003 DO-SdBNP
005 20221118130408.0
007 ta
008 221118e2011 dr ab||gre||| 001 0 spa d
020 _a9789945401974
040 _aDO-SdBNP
_bspa
_cBNPHU
082 4 _222
_bM516m 2011
100 4 _930791
_aMejía, Cristian
245 _aMapas, ciudades, provincias, República Dominicana:
_bcallejero de 190 mapas diversos. /
_cCristian Mejia
250 _a3ra. ed.
260 _aSanto Domingo :
_bMapas Gaar,
_c2011
300 _a301 p. :
_bil., mapas ;
_c21 cm.
650 4 _981114
_aProvincias
_vMapas
_zRepública Dominicana
651 4 _977308
_aRepública Dominicana
_vMapas
651 4 _933769
_aRepública Dominicana
_vCiudades y Pueblos
_xMapas
910 _aMFeliz
942 _2ddc
_cLBS1
999 _c52973
_d52973